| 000 | 00756cam a22002415a 4500 | ||
|---|---|---|---|
| 001 | 13903724 | ||
| 005 | 20201128023933.0 | ||
| 008 | 050317s2004 bcc frb 000 0 eng d | ||
| 020 | _a9781577314806 | ||
| 040 |
_aDLC _cDLC _dDLC _dEG-ScBUE _beng |
||
| 082 | 0 | 4 |
_a291.44 _222 _bTOL |
| 100 | 1 |
_aTolle, Eckhart, _d1948- |
|
| 245 | 1 | 4 |
_aThe power of now : _ba guide to spiritual enlightenment / _cEckhart Tolle. |
| 250 | _a[Rev. ed.] | ||
| 260 |
_aVancouver : _bNamaste ; _aNovato : _bNew World Library, _cc.2004. |
||
| 300 |
_axvi, 235 p. ; _c22 cm. |
||
| 500 | _a1 New York Times bestseller. | ||
| 504 | _aBibliography : p. 231. | ||
| 650 | 7 |
_aSpiritual Life. _2BUEsh _91046 |
|
| 651 | _2BUEsh | ||
| 653 |
_bENGGEN _cOctober2016 _dBestSellers |
||
| 942 | _2ddc | ||
| 999 |
_c22825 _d22797 |
||